|
|
|
|
| LEADER |
01261nam a2200349 a 4500 |
| 001 |
000315633 |
| 003 |
CZ BrMZK |
| 005 |
20230302131334.0 |
| 008 |
980115s1998 xr f b cze d |
| 015 |
|
|
|a cnb000365089
|
| 020 |
|
|
|a 80-85988-22-4
|
| 035 |
|
|
|a (OCoLC)41046989
|
| 040 |
|
|
|a BOA001
|b cze
|
| 072 |
|
7 |
|a 517
|x Matematická analýza
|2 Konspekt
|9 13
|
| 072 |
|
7 |
|a 01
|x Bibliografie. Katalogy
|2 Konspekt
|9 12
|
| 080 |
|
|
|a 517.938
|2 MRF
|
| 080 |
|
|
|a 519.86/.87
|2 MRF
|
| 080 |
|
|
|a (01)
|2 MRF
|
| 100 |
1 |
|
|a Štefan, Jan,
|d 1938-
|7 jn20010309374
|4 aut
|
| 245 |
1 |
0 |
|a Bibliografie simulace systémů VIII :
|b bibliografický přehled článků publikovaných z oblasti modelování a simulace systémů za rok 1997 /
|c sestavil Jan Štefan a spolupracovníci
|
| 250 |
|
|
|a 1. vyd.
|
| 260 |
|
|
|a Ostrava :
|b MARQ,
|c 1998
|
| 300 |
|
|
|a 23 s. ;
|c 21 cm
|
| 490 |
1 |
|
|a Acta MOSIS ;
|v č. 68
|
| 500 |
|
|
|a Úv. a obs. též angl.
|
| 650 |
0 |
7 |
|a dynamické systémy
|7 ph117185
|2 czenas
|
| 650 |
0 |
7 |
|a modelování a simulace
|7 ph125543
|2 czenas
|
| 655 |
|
7 |
|a bibliografie
|7 fd131898
|2 czenas
|
| 830 |
|
0 |
|a Acta MOSIS
|0 s
|
| 910 |
|
|
|a BOA001
|b X-1045.124
|
| 990 |
|
|
|a BK
|
| 996 |
7 |
|
|b 2610071011
|c X-1045.124
|l MZK
|r Sklad / do 24 hodin
|n 8
|p p.v.
|w 000315633
|u 000010
|a 1
|e BOA001
|j MZK50
|s A
|